000 01057nam a2200277 a 4500
001 000038975
003 DO-SdBNP
005 20250820073457.0
008 130509s2011 dr ac 000 0 spa d
020 _a9789945452150
040 _aDO-SdBNP
_bspa
_cBNPHU
082 _a972.93
_bC957h, 2011
100 1 _aCruz Sánchez, Feliberto
_965224
245 1 0 _aHistoria moderna dominicana :
_bdesde los inicio del siglo XIX hasta el presente /
_cFeliberto Cruz Sánchez.
250 _a4a. ed.
260 _aSanto Domingo :
_bEl Nuevo Diario,
_c2011.
300 _a239 p. :
_bil., retrs. ;
_c27 cm.
500 _aTexto a dos columnas
651 4 _aRepública Dominicana
_xHistoria
_xEstudio y enseñanza
_99647
651 4 _aRepública Dominicana
_xHistoria
_y1809-1822
_9577
651 4 _aRepública Dominicana
_xHistoria
_yOcupación haitiana, 1822-1844
_97666
651 0 _aRepública Dominicana --
_xHistoria --
_y1844-1930
_91009
651 0 _aRepública Dominicana
_xPolítica y gobierno
_945
910 _aValidado. Control de calidad MFF
942 _2ddc
_cLBS1
999 _c38465
_d38465